000 00209 a2200109 4500
020 _a9786074440911
041 _aspa
100 _aDisney
245 _aHadas la gema de la amistad
942 _cBK
952 _74
999 _c21889
_d21889